000 00332nam a2200109Ia 4500
008 200302s9999 xx 000 0 und d
100 _aMartin Prominski and Others
245 _aRiver Space design/ Planning strategies methods and prajects for urban rivers 2nd ed.
260 _bBirkhauser Verlag Gmbh
260 _c2017
300 _a333
999 _c6243
_d6243